000
00287nam a22001217a 4500
082
_a
320
100
_a
Bavani, Ibrahim Ahmed
245
_a
Qoomi Taraqi K La-e-aaml
260
_a
Karachi :
_b
Muslim News International,
300
_a
174 p. ;
_b
21 cm.
500
_a
Paperback.
942
_c
BK
999
_c
34147
_d
34147